Geography of Bolivia - Statistics

General Stats
  • This quiz has been taken 11 times
  • The average score is 13 of 20
Answer Stats
Question Answer % Correct
Administrative capital of Bolivia La Paz
100%
Constitutional capital of Bolivia Sucre
100%
Mountain range that dominates the west-central area of Bolivia Andes
91%
Country with which Bolivia shares its longest border Brazil
91%
Fourth-largest city, with a name that roughly means "lake plain" in the native language Cochabamba
91%
Massive high-altitude lake that Bolivia shares with Peru Lake Titicaca
91%
Most spoken indigenous languages of Bolivia Quechua
82%
Largest city in Bolivia Santa Cruz
82%
City that was a crucial silver exporter to Spain in the 16th century Potosí
73%
Most extensive high plateau in the world outside of Tibet Alti{plano}
64%
Currency of Bolivia Boliviano
64%
Metal used in batteries that Bolivia has the world's largest reserves of Lithium
64%
Former department that gave Bolivia ocean access before it was ceded to Chile Litoral
64%
Most spoken indigenous languages of Bolivia Aymara
55%
Largest salt flat in the world Salar de {Uyuni}
55%
National animal of Bolivia Llama
45%
Bordering city of the above that has a higher population than it El Alto
36%
Amazon River tributary that forms at the confluence of the Mamoré and Madre De Dios rivers Madeira River
27%
Name either of Bolivia's two highest mountain peaks Sajama | Illimani
18%
Mountain route nicknamed "Death Road" due to frequent landslides and a lack of guardrails {Yungas} Road
18%
No matching quizzes found
Score Distribution
Percent of People with Each Score
Percentile by Number Answered
Your Score History
You have not taken this quiz